[Event "Edmonton op"]
[Site "Edmonton CAN"]
[Date "2008.07.24"]
[Round "4"]
[White "Razzaq, Ali"]
[Black "Asquith, Tom"]
[Result "1-0"]
[WhiteElo "1869"]
[BlackElo "1753"]
[PlyCount "61"]
[GameId "2160767910354399"]
[EventDate "2008.07.03"]
[EventType "swiss"]
[EventRounds "5"]
[EventCountry "CAN"]
[SourceTitle "EXT 2011"]
[Source "ChessBase"]
[SourceDate "2011.11.26"]
[SourceVersion "1"]
[SourceVersionDate "2011.11.26"]
[SourceQuality "1"]

1. d4 d5 2. c4 c6 3. Nf3 Nf6 4. Nc3 e6 5. Bg5 h6 6. Bh4 Nbd7 7. cxd5 exd5 8. e3 Be7 9. Bd3 O-O 10. Qc2 Re8 11. Nd2 Nf8 12. O-O-O Ne6 13. f3 c5 14. Bxf6 Bxf6 15. dxc5 Nxc5 16. Bb5 Rxe3 17. Nc4 Re6 18. Nxd5 Nd7 19. Nxf6+ gxf6 20. Qd3 Qc7 21. Kb1 a6 22. Bxd7 Bxd7 23. Qxd7 Qxc4 24. Rd4 Qc8 25. Rg4+ Kf8 26. Qd3 h5 27. Qa3+ Re7 28. Re4 Qd7 29. Rhe1 Rae8 30. Qc5 Kg7 31. Rxe7 1-0

[Event "Edmonton op"]
[Site "Edmonton CAN"]
[Date "2008.07.24"]
[Round "4"]
[White "Sponga, George"]
[Black "Cobos, Sygifredo"]
[Result "1/2-1/2"]
[WhiteElo "1622"]
[BlackElo "1700"]
[PlyCount "53"]
[GameId "2160767910354401"]
[EventDate "2008.07.03"]
[EventType "swiss"]
[EventRounds "5"]
[EventCountry "CAN"]
[SourceTitle "EXT 2011"]
[Source "ChessBase"]
[SourceDate "2011.11.26"]
[SourceVersion "1"]
[SourceVersionDate "2011.11.26"]
[SourceQuality "1"]

1. e4 c5 2. Bc4 e6 3. Nc3 Nc6 4. Nf3 g6 5. a3 Bg7 6. Qe2 Nge7 7. O-O O-O 8. d3 d5 9. exd5 Nxd5 10. Nxd5 exd5 11. Ba2 Re8 12. Qd2 Bg4 13. Qf4 Be6 14. c3 Qf6 15. Qg3 Ne5 16. Ne1 Nc6 17. h3 d4 18. c4 h6 19. Qd6 Bf8 20. Qc7 Re7 21. Qd6 Rd7 22. Qh2 Bd6 23. f4 Kh7 24. h4 Re7 25. g3 Ree8 26. Bd2 Bf5 27. Ng2 1/2-1/2

[Event "Edmonton op"]
[Site "Edmonton CAN"]
[Date "2008.07.24"]
[Round "4"]
[White "Stark, Mark"]
[Black "Zeggelaar, Mike"]
[Result "1-0"]
[WhiteElo "1955"]
[BlackElo "1735"]
[PlyCount "57"]
[GameId "2160767910354402"]
[EventDate "2008.07.03"]
[EventType "swiss"]
[EventRounds "5"]
[EventCountry "CAN"]
[SourceTitle "EXT 2011"]
[Source "ChessBase"]
[SourceDate "2011.11.26"]
[SourceVersion "1"]
[SourceVersionDate "2011.11.26"]
[SourceQuality "1"]

1. d4 Nf6 2. c4 e6 3. Nf3 d5 4. g3 Be7 5. Bg2 O-O 6. O-O Re8 7. Nc3 c6 8. Nd2 Qb6 9. c5 Qd8 10. e4 dxe4 11. Ndxe4 Nbd7 12. Bf4 Nd5 13. Bd6 Bf6 14. Re1 Nxc3 15. bxc3 e5 16. d5 cxd5 17. Qxd5 Be7 18. Rad1 Nf6 19. Qxe5 Ng4 20. Qd5 Bxd6 21. Nxd6 Be6 22. Rxe6 fxe6 23. Qxb7 Rb8 24. Qf7+ Kh8 25. Nxe8 Qxe8 26. Qxe8+ Rxe8 27. c6 Nf6 28. c7 Nd5 29. Bxd5 1-0

[Event "Edmonton op"]
[Site "Edmonton CAN"]
[Date "2008.07.24"]
[Round "4"]
[White "Wihnon, Jason"]
[Black "Thompson, Peter"]
[Result "0-1"]
[WhiteElo "1737"]
[BlackElo "1786"]
[PlyCount "90"]
[GameId "2160767910354403"]
[EventDate "2008.07.03"]
[EventType "swiss"]
[EventRounds "5"]
[EventCountry "CAN"]
[SourceTitle "EXT 2011"]
[Source "ChessBase"]
[SourceDate "2011.11.26"]
[SourceVersion "1"]
[SourceVersionDate "2011.11.26"]
[SourceQuality "1"]

1. e4 c5 2. d4 cxd4 3. c3 Nc6 4. cxd4 d5 5. e5 Bf5 6. Nf3 e6 7. Bd3 Bxd3 8. Qxd3 Nge7 9. Nc3 Ng6 10. h4 Bb4 11. h5 Nge7 12. g4 Qb6 13. Bd2 Rc8 14. O-O Bxc3 15. Bxc3 h6 16. a3 a5 17. Nh4 a4 18. f4 Kd7 19. Rac1 Qb3 20. Nf3 Qc4 21. Qd2 Qb3 22. Ne1 Na7 23. Rf3 Qb5 24. Kf2 Rc4 25. Bb4 Rxc1 26. Qxc1 Qc4 27. Nc2 Nb5 28. Bc3 Nc6 29. Qd2 Qa2 30. f5 Qb1 31. fxe6+ Kxe6 32. Qd3 Ne7 33. Ke3 Qg1+ 34. Ke2 Qg2+ 35. Ke3 Qg1+ 36. Ke2 Nxc3+ 37. bxc3 Qxg4 38. Ne3 Qe4 39. Qb5 Rc8 40. Qb6+ Rc6 41. Qd8 Qh4 42. Qf8 Qxh5 43. Qxg7 Qg6 44. Qh8 Kd7 45. Qb8 Rb6 0-1

[Event "Edmonton op"]
[Site "Edmonton CAN"]
[Date "2008.07.24"]
[Round "4"]
[White "Wu, Allan"]
[Black "Pedersen, Rick"]
[Result "0-1"]
[WhiteElo "1844"]
[BlackElo "1865"]
[PlyCount "82"]
[GameId "2160767910354404"]
[EventDate "2008.07.03"]
[EventType "swiss"]
[EventRounds "5"]
[EventCountry "CAN"]
[SourceTitle "EXT 2011"]
[Source "ChessBase"]
[SourceDate "2011.11.26"]
[SourceVersion "1"]
[SourceVersionDate "2011.11.26"]
[SourceQuality "1"]

1. c4 e5 2. Nc3 Nc6 3. Nf3 g6 4. g3 Bg7 5. Bg2 d6 6. Rb1 a5 7. O-O Nge7 8. a3 O-O 9. b4 axb4 10. axb4 Nd4 11. Nxd4 exd4 12. Nb5 c6 13. Na3 Bf5 14. d3 Qd7 15. e3 d5 16. c5 Bg4 17. Bf3 Bh3 18. Bg2 Bxg2 19. Kxg2 dxe3 20. fxe3 Nf5 21. Kg1 Rxa3 22. Bxa3 Nxe3 23. Qe2 Nxf1 24. Qxf1 Ra8 25. Bb2 Qg4 26. Bxg7 Kxg7 27. Qf2 Re8 28. Re1 Rxe1+ 29. Qxe1 Qd4+ 30. Kh1 Qf6 31. Kg2 Qe6 32. Qa1+ f6 33. Qd1 d4 34. Qf3 f5 35. Qf4 Qe2+ 36. Kh3 Qxd3 37. Qe5+ Kh6 38. Qf6 Qe4 39. Qf8+ Kh5 40. Qg8 h6 41. Qa2 d3 0-1

[Event "Edmonton op"]
[Site "Edmonton CAN"]
[Date "2008.07.31"]
[Round "5"]
[White "Borger, Rocky"]
[Black "Johnson, Ron"]
[Result "0-1"]
[WhiteElo "1303"]
[BlackElo "1432"]
[PlyCount "56"]
[GameId "2160767910354405"]
[EventDate "2008.07.03"]
[EventType "swiss"]
[EventRounds "5"]
[EventCountry "CAN"]
[SourceTitle "EXT 2011"]
[Source "ChessBase"]
[SourceDate "2011.11.26"]
[SourceVersion "1"]
[SourceVersionDate "2011.11.26"]
[SourceQuality "1"]

1. d4 d5 2. Nc3 Nf6 3. f3 Bf5 4. h3 Qd6 5. Be3 Nc6 6. g4 Bg6 7. f4 h6 8. Qd2 e6 9. Bf2 Be7 10. Bg2 Nb4 11. O-O-O Bxc2 12. a3 Bxd1 13. Kxd1 Nc6 14. e3 a6 15. Nge2 Na5 16. Ke1 Nc4 17. Qc1 Qb6 18. b4 a5 19. bxa5 Qxa5 20. a4 Bb4 21. Kf1 Nd6 22. Qc2 Ra6 23. Be1 Rc6 24. Qb1 Rb6 25. Qc2 Nc4 26. Nd1 Bxe1 27. Ndc3 Bxc3 28. Qxc3 Qxa4 0-1

[Event "Edmonton op"]
[Site "Edmonton CAN"]
[Date "2008.07.31"]
[Round "5"]
[White "Houston, Michael"]
[Black "Sponga, George"]
[Result "0-1"]
[WhiteElo "1205"]
[BlackElo "1643"]
[PlyCount "102"]
[GameId "2160767910354406"]
[EventDate "2008.07.03"]
[EventType "swiss"]
[EventRounds "5"]
[EventCountry "CAN"]
[SourceTitle "EXT 2011"]
[Source "ChessBase"]
[SourceDate "2011.11.26"]
[SourceVersion "1"]
[SourceVersionDate "2011.11.26"]
[SourceQuality "1"]

1. c4 e5 2. Nc3 Bb4 3. Nd5 Bc5 4. g3 c6 5. Nc3 f5 6. Nf3 Qb6 7. e3 e4 8. Na4 Qa5 9. Nxc5 Qxc5 10. d4 Qe7 11. Ne5 Nf6 12. c5 d5 13. cxd6 Qxd6 14. Bc4 Be6 15. Qb3 Bxc4 16. Qxb7 O-O 17. Nxc4 Qd5 18. Qxa8 Qxc4 19. Qxa7 Qb4+ 20. Kf1 Qc4+ 21. Kg2 Qe2 22. h3 Qf3+ 23. Kg1 Qe2 24. Qa5 Nd5 25. Qd2 Qf3 26. b3 h5 27. Ba3 Rf6 28. Qd1 h4 29. Qxf3 exf3 30. gxh4 Rg6+ 31. Kf1 f4 32. e4 Nc3 33. Rg1 Rh6 34. Rg4 Ne2 35. d5 Kf7 36. Rg5 Rxh4 37. Rf5+ Kg6 38. Ke1 Rxh3 39. Kd2 Rh2 40. Bc5 Ng3 41. Rxf4 cxd5 42. Rg4+ Kf6 43. Rxg3 dxe4 44. Rag1 Rh5 45. Rg6+ Kf5 46. Rxg7 Nc6 47. Rf7+ Ke6 48. Rf8 Rxc5 49. Re8+ Kf5 50. Rc8 Rd5+ 51. Ke3 Rd3# 0-1

[Event "Edmonton op"]
[Site "Edmonton CAN"]
[Date "2008.07.31"]
[Round "5"]
[White "Laboucane, Randy"]
[Black "Wu, Allan"]
[Result "1-0"]
[WhiteElo "1865"]
[BlackElo "1826"]
[PlyCount "37"]
[GameId "2160767910354407"]
[EventDate "2008.07.03"]
[EventType "swiss"]
[EventRounds "5"]
[EventCountry "CAN"]
[SourceTitle "EXT 2011"]
[Source "ChessBase"]
[SourceDate "2011.11.26"]
[SourceVersion "1"]
[SourceVersionDate "2011.11.26"]
[SourceQuality "1"]

1. d4 Nf6 2. Nf3 g6 3. Nc3 Bg7 4. e4 d6 5. Be3 O-O 6. Qd2 Ng4 7. Bg5 h6 8. Bh4 Re8 9. h3 Nf6 10. O-O-O Nfd7 11. e5 Nb6 12. Bd3 c5 13. exd6 Qxd6 14. Bg3 Qd8 15. dxc5 Nd5 16. Bxg6 e6 17. Nxd5 fxg6 18. Nc7 Qf6 19. Be5 1-0

[Event "Edmonton op"]
[Site "Edmonton CAN"]
[Date "2008.07.31"]
[Round "5"]
[White "Mendryk, Wayne"]
[Black "He, David"]
[Result "1-0"]
[WhiteElo "1436"]
[BlackElo "1143"]
[PlyCount "35"]
[GameId "2160767910354408"]
[EventDate "2008.07.03"]
[EventType "swiss"]
[EventRounds "5"]
[EventCountry "CAN"]
[SourceTitle "EXT 2011"]
[Source "ChessBase"]
[SourceDate "2011.11.26"]
[SourceVersion "1"]
[SourceVersionDate "2011.11.26"]
[SourceQuality "1"]

1. e4 e5 2. Nf3 Nc6 3. Bb5 a6 4. Ba4 Nf6 5. O-O Bc5 6. h3 O-O 7. Re1 b5 8. Bb3 Re8 9. c3 Nh5 10. d4 exd4 11. cxd4 Bb6 12. Nc3 d6 13. Bg5 Ne7 14. Nd5 Qd7 15. Nxe7+ Kf8 16. Ne5 Qd8 17. N7g6+ Kg8 18. Bxf7# 1-0

[Event "Edmonton op"]
[Site "Edmonton CAN"]
[Date "2008.07.31"]
[Round "5"]
[White "Mrugala, Jonathan"]
[Black "Nolan, Pat"]
[Result "1-0"]
[WhiteElo "1736"]
[BlackElo "1530"]
[PlyCount "63"]
[GameId "2160767910354409"]
[EventDate "2008.07.03"]
[EventType "swiss"]
[EventRounds "5"]
[EventCountry "CAN"]
[SourceTitle "EXT 2011"]
[Source "ChessBase"]
[SourceDate "2011.11.26"]
[SourceVersion "1"]
[SourceVersionDate "2011.11.26"]
[SourceQuality "1"]

1. g3 g6 2. Nf3 Bg7 3. d3 d6 4. c4 Nf6 5. Nc3 O-O 6. Bg2 c5 7. Rb1 Nc6 8. a3 a6 9. Qc2 Bg4 10. Be3 Qd7 11. b4 cxb4 12. axb4 Bxf3 13. exf3 d5 14. Bc5 Qe6+ 15. Qe2 Qxe2+ 16. Nxe2 Rfe8 17. O-O Rad8 18. f4 Nd7 19. cxd5 Ncb8 20. Rfc1 Nxc5 21. bxc5 Rd7 22. Rb6 Rc8 23. Bh3 f5 24. Bg2 Rdc7 25. d4 Nd7 26. Rb3 b6 27. c6 Nf8 28. Rxb6 Ra8 29. Rb7 Rxb7 30. cxb7 Rb8 31. d6 Bf6 32. Rc8 1-0

[Event "Edmonton op"]
[Site "Edmonton CAN"]
[Date "2008.07.31"]
[Round "5"]
[White "Yamach, Ahmet"]
[Black "Razzaq, Ali"]
[Result "1-0"]
[WhiteElo "1810"]
[BlackElo "1830"]
[PlyCount "83"]
[GameId "2160767910354410"]
[EventDate "2008.07.03"]
[EventType "swiss"]
[EventRounds "5"]
[EventCountry "CAN"]
[SourceTitle "EXT 2011"]
[Source "ChessBase"]
[SourceDate "2011.11.26"]
[SourceVersion "1"]
[SourceVersionDate "2011.11.26"]
[SourceQuality "1"]

1. c4 c5 2. g3 Nc6 3. Bg2 g6 4. Nc3 Bg7 5. d3 e6 6. e4 Nge7 7. f4 O-O 8. Nf3 d5 9. O-O dxc4 10. dxc4 Na5 11. Qe2 Qb6 12. e5 Nf5 13. b3 Nc6 14. Bb2 Ncd4 15. Qf2 Bd7 16. Rfe1 Rfd8 17. Nxd4 cxd4 18. Ne2 Bf8 19. Nc1 Bb4 20. Re2 Bc6 21. Bxc6 bxc6 22. Nd3 Bc3 23. Rc1 Qa5 24. Rec2 Ne3 25. Bxc3 dxc3 26. Qxe3 Rd7 27. Nf2 Rd2 28. Qxc3 Qxc3 29. Rxc3 Rxa2 30. R1c2 Ra1+ 31. Kg2 Rb1 32. Nd3 Rd8 33. Nb4 c5 34. Nd3 h5 35. Nxc5 Rdd1 36. Ne4 Rg1+ 37. Kh3 Rbe1 38. Ng5 Ra1 39. c5 Rgd1 40. c6 Rd8 41. c7 Rc8 42. Rd2 1-0

[Event "Edmonton op"]
[Site "Edmonton CAN"]
[Date "2008.07.31"]
[Round "5"]
[White "Zeggelaar, Mike"]
[Black "Cobos, Sygifredo"]
[Result "0-1"]
[WhiteElo "1743"]
[BlackElo "1700"]
[PlyCount "62"]
[GameId "2160767910354411"]
[EventDate "2008.07.03"]
[EventType "swiss"]
[EventRounds "5"]
[EventCountry "CAN"]
[SourceTitle "EXT 2011"]
[Source "ChessBase"]
[SourceDate "2011.11.26"]
[SourceVersion "1"]
[SourceVersionDate "2011.11.26"]
[SourceQuality "1"]

1. d4 e6 2. c4 d5 3. Nf3 Nf6 4. Nc3 Be7 5. Bg5 b6 6. e3 Bb7 7. a3 Nbd7 8. b4 c5 9. cxd5 Nxd5 10. Bxe7 Qxe7 11. Nb5 cxb4 12. e4 a6 13. axb4 Qxb4+ 14. Nd2 axb5 15. Rxa8+ Bxa8 16. exd5 Bxd5 17. Qg4 O-O 18. Bd3 Qc3 19. Qh3 g6 20. Rf1 Qxd4 21. Bxb5 Nc5 22. Be2 Bxg2 23. Qxg2 Qa1+ 24. Nb1 Qxb1+ 25. Kd2 Rd8+ 26. Ke3 Qb3+ 27. Kf4 f5 28. Kg5 Kg7 29. Bg4 Rd5 30. f3 Qe3+ 31. Kh4 Qf4 0-1

[Event "Estival 1"]
[Site "Charlesbourg CAN"]
[Date "2008.06.12"]
[Round "1"]
[White "Bonneau, Daniel"]
[Black "Chevalier, Philippe"]
[Result "1/2-1/2"]
[WhiteElo "1993"]
[BlackElo "1557"]
[PlyCount "161"]
[GameId "2160767910354470"]
[EventDate "2008.06.12"]
[EventType "swiss"]
[EventRounds "5"]
[EventCountry "CAN"]

1. d4 Nf6 2. Nf3 b6 3. c4 Bb7 4. Nc3 e6 5. a3 d5 6. cxd5 Nxd5 7. Qc2 c5 8. e4 Nxc3 9. bxc3 Nd7 10. Bd3 Be7 11. O-O O-O 12. Bf4 cxd4 13. cxd4 Rc8 14. Qe2 Nf6 15. Rfd1 Nh5 16. Be3 Qc7 17. Ne5 g6 18. g4 Ng7 19. a4 Bd6 20. Rac1 Qe7 21. Nc4 Bb8 22. g5 Nh5 23. Qd2 f5 24. exf5 exf5 25. f4 Be4 26. Be2 Bd5 27. Ne5 Bb3 28. Rxc8 Rxc8 29. Rc1 Rd8 30. Qc3 Bd5 31. a5 Qb7 32. a6 Qa8 33. Qb4 Bd6 34. Qb1 Bh1 35. Bc4+ Kg7 36. Qa2 Bxe5 37. dxe5 Qf3 38. Qf2 Rd1+ 39. Rxd1 Qxd1+ 40. Bf1 Be4 41. h3 Kf7 42. Qd2 Qxd2 43. Bxd2 Ke6 44. Bc4+ Bd5 45. Bf1 Ng3 46. Bg2 Ne4 47. Bb4 Bc4 48. Bf1 b5 49. Bxc4+ bxc4 50. Kf1 Kd5 51. Ke2 Ng3+ 52. Ke3 Nh5 53. Bc3 Ng7 54. Bd4 Ne6 55. Bxa7 Nc7 56. Bb8 Nxa6 57. Bd6 Nc5 58. Bxc5 Kxc5 59. Kd2 Kd4 60. Kc2 Kd5 61. Kc3 Kc5 62. h4 Kb5 63. Kd4 Kb4 64. e6 c3 65. Kd3 Kb3 66. e7 c2 67. e8=Q c1=Q 68. Qb5+ Ka2 69. Qc4+ Qxc4+ 70. Kxc4 Kb2 71. Kd4 Kc2 72. Ke5 Kd3 73. Kf6 Ke3 74. Kg7 Kxf4 75. Kxh7 Kg4 76. Kxg6 f4 77. Kh6 f3 78. g6 f2 79. g7 Kxh4 80. g8=Q f1=Q 81. Qg5+ 1/2-1/2

[Event "George Beals Canada Day op"]
[Site "Halifax CAN"]
[Date "2008.06.28"]
[Round "1"]
[White "Manley, Jason"]
[Black "Sosa, Canec"]
[Result "1-0"]
[WhiteElo "1787"]
[BlackElo "1421"]
[PlyCount "77"]
[GameId "2160767910354415"]
[EventDate "2008.06.28"]
[EventType "swiss"]
[EventRounds "8"]
[EventCountry "CAN"]

1. f4 d5 2. Nf3 Nf6 3. e3 g6 4. b3 Bg7 5. Bb2 O-O 6. g3 b6 7. Bg2 Bb7 8. O-O Nbd7 9. d3 c5 10. Nbd2 Re8 11. Ne5 Qc7 12. Ndf3 Rad8 13. Ng5 Rf8 14. Bh3 h6 15. Ngxf7 Rxf7 16. Be6 Nxe5 17. fxe5 Qc6 18. Bxf7+ Kxf7 19. exf6 exf6 20. Qe2 d4 21. e4 Bc8 22. Rf2 h5 23. Re1 Kg8 24. Bc1 Re8 25. Qf1 Be6 26. Bd2 Qd7 27. Ra1 Bh3 28. Qc1 Kh7 29. Qa3 Rc8 30. Rc1 f5 31. exf5 Bxf5 32. Re1 a5 33. Qc1 Qd5 34. Re7 Kh8 35. Qe1 Qc6 36. Bf4 Kg8 37. Rfe2 Kh7 38. Rxg7+ Kxg7 39. Re7+ 1-0

[Event "George Beals Canada Day op"]
[Site "Halifax CAN"]
[Date "2008.06.28"]
[Round "1"]
[White "Shea, Joseph"]
[Black "Gilks, James"]
[Result "0-1"]
[WhiteElo "1586"]
[BlackElo "1841"]
[PlyCount "54"]
[GameId "2160767910354416"]
[EventDate "2008.06.28"]
[EventType "swiss"]
[EventRounds "8"]
[EventCountry "CAN"]

1. d4 d5 2. c4 e6 3. Nc3 Nf6 4. cxd5 exd5 5. Nf3 Bb4 6. a3 Be7 7. Bf4 c6 8. e3 O-O 9. Be2 Bf5 10. O-O Nbd7 11. Ne5 Re8 12. b4 Ne4 13. Nxe4 Bxe4 14. Bf3 Bf6 15. Bxe4 Bxe5 16. Bxh7+ Kxh7 17. Qh5+ Kg8 18. dxe5 Qe7 19. Rac1 Nxe5 20. Bxe5 Qxe5 21. Qxe5 Rxe5 22. Rfd1 Re4 23. Rd3 a5 24. f3 Rc4 25. Rxc4 dxc4 26. Rc3 axb4 27. axb4 b5 0-1

[Event "George Beals Canada Day op"]
[Site "Halifax CAN"]
[Date "2008.06.28"]
[Round "2"]
[White "Nickerson, James"]
[Black "Shea, Joseph"]
[Result "0-1"]
[WhiteElo "1401"]
[BlackElo "1586"]
[PlyCount "82"]
[GameId "2160767910354417"]
[EventDate "2008.06.28"]
[EventType "swiss"]
[EventRounds "8"]
[EventCountry "CAN"]

1. Nf3 Nf6 2. g3 e6 3. Bg2 d5 4. d4 b6 5. O-O g6 6. c4 c6 7. Nc3 Bg7 8. Re1 O-O 9. b3 Bb7 10. Bg5 Nbd7 11. e4 Qc7 12. Bf4 Qc8 13. Ne5 Nxe5 14. Bxe5 Nd7 15. Bxg7 Kxg7 16. exd5 exd5 17. cxd5 Nf6 18. dxc6 Bxc6 19. Bxc6 Qxc6 20. Qd3 Rad8 21. Rad1 Nd5 22. Nxd5 Rxd5 23. Qc4 Qd7 24. Rd2 Rc8 25. Qd3 Rc6 26. Re5 Rcd6 27. Rxd5 Rxd5 28. Kf1 Qh3+ 29. Kg1 Qe6 30. f4 Qd7 31. Kf2 f5 32. a4 a5 33. Qc4 Kh6 34. Rd3 Kh5 35. h3 g5 36. fxg5 Kxg5 37. Qc1+ Kg6 38. Qf4 Qd6 39. Kf3 Qc6 40. Qe3 Rxd4+ 41. Ke2 Re4 0-1

[Event "George Beals Canada Day op"]
[Site "Halifax CAN"]
[Date "2008.06.28"]
[Round "2"]
[White "Oussedik, Elias"]
[Black "Manley, Jason"]
[Result "1-0"]
[WhiteElo "2048"]
[BlackElo "1787"]
[PlyCount "87"]
[GameId "2160767910354418"]
[EventDate "2008.06.28"]
[EventType "swiss"]
[EventRounds "8"]
[EventCountry "CAN"]

1. e4 e5 2. Nf3 Nc6 3. Bb5 a6 4. Ba4 Nf6 5. O-O Bc5 6. c3 b5 7. Bb3 d6 8. d4 exd4 9. cxd4 Bb6 10. h3 O-O 11. Bg5 h6 12. Bh4 Re8 13. Re1 g5 14. Bg3 Bb7 15. d5 Ne7 16. Nc3 Ng6 17. Bc2 Nh5 18. Kh2 Qf6 19. e5 dxe5 20. Nxe5 Nxg3 21. Ng4 Qg7 22. fxg3 Rxe1 23. Qxe1 Bd4 24. Qe4 Rd8 25. Nxh6+ Kf8 26. Nf5 Qe5 27. Qxd4 Qxd4 28. Nxd4 Ne7 29. Rf1 Kg8 30. Nf5 Kf8 31. Nxe7 Kxe7 32. Bb3 b4 33. Re1+ Kf8 34. Na4 Bxd5 35. Rd1 c6 36. Nb6 Ke7 37. Nxd5+ cxd5 38. Rxd5 Rxd5 39. Bxd5 f6 40. h4 Kd6 41. h5 Kxd5 42. h6 Kd4 43. h7 Kd3 44. h8=Q 1-0

[Event "George Beals Canada Day op"]
[Site "Halifax CAN"]
[Date "2008.06.29"]
[Round "4"]
[White "Cashin, Ken"]
[Black "Shea, Joseph"]
[Result "0-1"]
[WhiteElo "1767"]
[BlackElo "1586"]
[PlyCount "122"]
[GameId "2160767910354419"]
[EventDate "2008.06.28"]
[EventType "swiss"]
[EventRounds "8"]
[EventCountry "CAN"]

1. e4 e6 2. d4 d5 3. e5 c5 4. c3 Nc6 5. Nf3 Qb6 6. Bd3 Bd7 7. dxc5 Bxc5 8. O-O Qc7 9. Qe2 a6 10. Bf4 Nge7 11. h3 Ng6 12. Bh2 Ba7 13. Nbd2 O-O-O 14. a4 Rdf8 15. b4 Bb8 16. Rfe1 Ngxe5 17. Bxe5 Nxe5 18. Nxe5 f6 19. Nef3 e5 20. Nf1 e4 21. Bxe4 dxe4 22. Qxe4 Re8 23. Qd4 Rxe1 24. Rxe1 Bxa4 25. Qg4+ Qd7 26. Qc4+ Qc7 27. Qxc7+ Bxc7 28. Re7 Rg8 29. N1d2 Bd8 30. Re1 Re8 31. Ne4 Bc7 32. Nc5 Rxe1+ 33. Nxe1 Bb5 34. Nf3 Bd7 35. Kf1 Bb6 36. Nxd7 Kxd7 37. Ke2 Ke6 38. Nd2 h5 39. f3 g5 40. Kd3 Bc7 41. g4 hxg4 42. fxg4 f5 43. gxf5+ Kxf5 44. Ne4 b6 45. Ke3 a5 46. bxa5 bxa5 47. Nxg5 Kxg5 48. Kd3 Kh4 49. Kc2 Kxh3 50. Kb3 Kg4 51. c4 Kf4 52. Ka4 Ke4 53. Kb5 Kd4 54. c5 Kd5 55. c6 Kd6 56. Ka4 Kxc6 57. Ka3 Kb5 58. Kb3 Bd6 59. Kb2 Kb4 60. Ka2 Be5 61. Kb1 Kb3 0-1

[Event "George Beals Canada Day op"]
[Site "Halifax CAN"]
[Date "2008.06.30"]
[Round "5"]
[White "Shea, Joseph"]
[Black "Oussedik, Elias"]
[Result "0-1"]
[WhiteElo "1586"]
[BlackElo "2048"]
[PlyCount "60"]
[GameId "2160767910354420"]
[EventDate "2008.06.28"]
[EventType "swiss"]
[EventRounds "8"]
[EventCountry "CAN"]

1. d4 e6 2. c4 d5 3. Nc3 c5 4. e3 Nf6 5. cxd5 exd5 6. Nf3 Nc6 7. Be2 cxd4 8. Nxd4 Bd6 9. O-O O-O 10. b3 a6 11. Bb2 Bc7 12. Na4 Qd6 13. g3 Bh3 14. Re1 Ne5 15. Rc1 Ne4 16. Bf1 Bg4 17. Be2 Bh3 18. Bf1 Bxf1 19. Nf5 Qf6 20. Kxf1 Qxf5 21. f4 Qh3+ 22. Kg1 Ng4 23. Qe2 Rac8 24. Qg2 Qxg2+ 25. Kxg2 Ngf2 26. Re2 Nd3 27. Rcc2 Nxb2 28. Nxb2 Ba5 29. Nd3 Rfd8 30. Ne5 Kf8 0-1

[Event "George Beals Canada Day op"]
[Site "Halifax CAN"]
[Date "2008.07.01"]
[Round "7"]
[White "Newman, Eric"]
[Black "Shea, Joseph"]
[Result "0-1"]
[WhiteElo "1586"]
[BlackElo "1586"]
[PlyCount "86"]
[GameId "2160767910354421"]
[EventDate "2008.06.28"]
[EventType "swiss"]
[EventRounds "8"]
[EventCountry "CAN"]

1. e4 e6 2. Qe2 c5 3. c4 Nc6 4. Nf3 g6 5. Nc3 Qe7 6. d3 h6 7. Nb5 d6 8. e5 dxe5 9. Nxe5 Bg7 10. Nxc6 bxc6 11. Na3 Qb7 12. Rb1 Ne7 13. Nc2 Nf5 14. b3 O-O 15. Ne3 Nd4 16. Qd1 e5 17. h4 f5 18. Bb2 Re8 19. Be2 Qb4+ 20. Kf1 Qb7 21. Bxd4 exd4 22. Nc2 a5 23. Bf3 Qd7 24. Qd2 Bb7 25. g3 Re5 26. Kg2 Qc7 27. Rbe1 Rae8 28. Rxe5 Rxe5 29. Re1 Kh7 30. a3 h5 31. Rxe5 Bxe5 32. b4 cxb4 33. axb4 c5 34. bxa5 Bxf3+ 35. Kxf3 Qb7+ 36. Ke2 Qg2 37. Qg5 Qb7 38. a6 Qa7 39. g4 Qxa6 40. gxh5 Qf6 41. hxg6+ Qxg6 42. f4 Bf6 43. h5 Qe8+ 0-1

[Event "George Beals Canada Day op"]
[Site "Halifax CAN"]
[Date "2008.07.01"]
[Round "8"]
[White "Shea, Joseph"]
[Black "Manley, Jason"]
[Result "0-1"]
[WhiteElo "1586"]
[BlackElo "1787"]
[PlyCount "52"]
[GameId "2160767910354422"]
[EventDate "2008.06.28"]
[EventType "swiss"]
[EventRounds "8"]
[EventCountry "CAN"]

1. d4 f5 2. g3 Nf6 3. Bg2 g6 4. Nf3 Bg7 5. O-O d6 6. c4 O-O 7. Nc3 Nc6 8. Re1 e5 9. d5 Nb8 10. Bg5 Nbd7 11. e4 Nc5 12. Nh4 h6 13. Bxf6 Qxf6 14. Qc2 f4 15. Rf1 g5 16. Nf3 g4 17. Nd2 f3 18. Bh1 h5 19. h4 Rf7 20. b4 Nd7 21. Rfb1 Nf8 22. Nf1 Ng6 23. Ne3 Bh6 24. Ncd1 Nxh4 25. Nxg4 hxg4 26. gxh4 Qxh4 0-1

[Event "Grand Pacific op"]
[Site "Victoria CAN"]
[Date "2008.03.21"]
[Round "1"]
[White "Chiu, Joseph"]
[Black "Sohal, Tanraj"]
[Result "0-1"]
[WhiteElo "1075"]
[BlackElo "1825"]
[PlyCount "68"]
[GameId "2160767910351397"]
[EventDate "2008.03.21"]
[EventType "swiss"]
[EventRounds "6"]
[EventCountry "CAN"]

1. e4 c5 2. Qf3 Nc6 3. c3 e6 4. Qd1 d5 5. f3 dxe4 6. fxe4 Qh4+ 7. g3 Qxe4+ 8. Qe2 Qxh1 9. Nf3 Bd6 10. d3 Nge7 11. Bf4 Bxf4 12. gxf4 Nd5 13. Qe4 f5 14. Qe2 Nxf4 15. Qc2 Qxf3 16. Be2 Nxe2 17. Qxe2 Qxe2+ 18. Kxe2 b5 19. a3 Bb7 20. Nd2 O-O-O 21. b3 g5 22. Rg1 g4 23. c4 b4 24. a4 a5 25. Kf2 Rxd3 26. Nf1 Rxb3 27. Nd2 Ra3 28. Re1 e5 29. Nb1 Rxa4 30. Nd2 Ra2 31. Ke3 f4+ 32. Kd3 Rd8+ 33. Ke2 Rdxd2+ 34. Kf1 Rxh2 0-1

[Event "Grand Pacific op"]
[Site "Victoria CAN"]
[Date "2008.03.21"]
[Round "1"]
[White "Harris, Philip"]
[Black "Simpson, Christopher"]
[Result "1-0"]
[WhiteElo "1868"]
[BlackElo "1111"]
[PlyCount "43"]
[GameId "2160767910351399"]
[EventDate "2008.03.21"]
[EventType "swiss"]
[EventRounds "6"]
[EventCountry "CAN"]

1. e4 c5 2. Nf3 d6 3. Bb5+ Nc6 4. O-O Nf6 5. Re1 e5 6. c3 Bd7 7. d4 a6 8. Bc4 h6 9. Bd5 Be7 10. Na3 O-O 11. dxe5 Nxe5 12. Nxe5 dxe5 13. Bxb7 Ra7 14. Bd5 Bg4 15. f3 Nxd5 16. exd5 f5 17. fxg4 fxg4 18. Qxg4 Qxd5 19. Qc4 Rd7 20. Be3 Bh4 21. Qxh4 Rff7 22. Qc4 1-0

[Event "Grand Pacific op"]
[Site "Victoria CAN"]
[Date "2008.03.21"]
[Round "1"]
[White "Jarquin, Charlie"]
[Black "Torres-Lopez, Alejandro"]
[Result "1-0"]
[WhiteElo "1839"]
[BlackElo "1133"]
[PlyCount "47"]
[GameId "2160767910351400"]
[EventDate "2008.03.21"]
[EventType "swiss"]
[EventRounds "6"]
[EventCountry "CAN"]

1. e4 e5 2. Nf3 d6 3. d4 Nc6 4. Bb5 Bd7 5. Nc3 a6 6. Ba4 f5 7. O-O Nf6 8. exf5 Bxf5 9. dxe5 dxe5 10. Nxe5 Bd7 11. Nxd7 Nxd7 12. Re1+ Be7 13. Nd5 Rf8 14. Bxc6 bxc6 15. Rxe7+ Qxe7 16. Nxe7 Kxe7 17. Bg5+ Nf6 18. Qf3 h6 19. Re1+ Kf7 20. Bxf6 gxf6 21. Qh5+ Kg7 22. Re7+ Kg8 23. Qg6+ Kh8 24. Rh7# 1-0